| 000 | 00772cam a2200229 a 4500 | ||
|---|---|---|---|
| 020 | _a0471169447 (pbk. : acidfree paper) | ||
| 040 | _cDLC | ||
| 082 | 0 | 0 | _a658 WIL 1997 A048 Or. |
| 100 | 1 | _aHelmstetter, Greg, | |
| 245 | 1 | 0 | _aIncreasing hits and selling more on your Web site / |
| 260 |
_aNew York : _bWiley Computer Pub., _cc1997. |
||
| 300 |
_ax, 374 p. : _bill. ; _c24 cm. |
||
| 500 | _aIncludes index. | ||
| 650 | 0 | _aInternet marketing. | |
| 650 | 0 | _aWeb servers | |
| 650 | 0 | _aBusiness enterprises | |
| 650 | 0 | _aInternet advertising. | |
| 856 | 4 | 2 | _uhttp://www.loc.gov/catdir/bios/wiley041/96043741.html |
| 856 | 4 | 2 | _uhttp://www.loc.gov/catdir/description/wiley031/96043741.html |
| 856 | 4 | _uhttp://www.loc.gov/catdir/toc/onix02/96043741.html | |
| 942 | _cEK | ||
| 999 |
_c13790 _d13790 |
||